|
|
|
|
| LEADER |
00000cam a22000004a 4500 |
| 001 |
musev2_2860 |
| 003 |
MdBmJHUP |
| 005 |
20230905040353.0 |
| 006 |
m o d |
| 007 |
cr||||||||nn|n |
| 008 |
100626s2006 tnu o 00 0 eng d |
| 020 |
|
|
|a 9780826592088
|
| 040 |
|
|
|a MdBmJHUP
|c MdBmJHUP
|
| 100 |
1 |
|
|a Velasco, Sherry M.
|q (Sherry Marie),
|d 1962-
|
| 245 |
1 |
0 |
|a Male Delivery :
|b Reproduction, Effeminacy, and Pregnant Men in Early Modern Spain /
|c Sherry Velasco.
|
| 250 |
|
|
|a 1st ed.
|
| 264 |
|
1 |
|a Nashville [Tenn.] :
|b Vanderbilt University Press,
|c 2006.
|
| 264 |
|
3 |
|a Baltimore, Md. :
|b Project MUSE,
|c 0000
|
| 264 |
|
4 |
|c ©2006.
|
| 300 |
|
|
|a 1 online resource (232 pages):
|b illustrations
|
| 336 |
|
|
|a text
|b txt
|2 rdacontent
|
| 337 |
|
|
|a computer
|b c
|2 rdamedia
|
| 338 |
|
|
|a online resource
|b cr
|2 rdacarrier
|
| 588 |
|
|
|a Description based on print version record.
|
| 600 |
1 |
2 |
|a Lanini y Sagredo, Pedro Francisco de,
|d active 17th century
|t Parto de Juan Rana
|
| 600 |
1 |
0 |
|a Lanini y Sagredo, Pedro Francisco de,
|d active 17th century.
|t Parto de Juan Rana.
|
| 650 |
|
7 |
|a Soziale Rolle
|2 gnd
|
| 650 |
|
7 |
|a Männlichkeit
|2 gnd
|
| 650 |
|
7 |
|a Schwangerer Mann
|2 gnd
|
| 650 |
|
7 |
|a Literatur
|2 gnd
|
| 650 |
|
7 |
|a Sex role.
|2 fast
|0 (OCoLC)fst01114598
|
| 650 |
|
7 |
|a Male homosexuality
|x Social aspects.
|2 fast
|0 (OCoLC)fst01430696
|
| 650 |
|
7 |
|a Masculinity
|x Social aspects.
|2 fast
|0 (OCoLC)fst02012888
|
| 650 |
|
7 |
|a FAMILY & RELATIONSHIPS
|x Parenting
|x Motherhood.
|2 bisacsh
|
| 650 |
|
7 |
|a sex role.
|2 aat
|
| 650 |
|
6 |
|a Medecine
|x Histoire
|y 17e siecle.
|
| 650 |
|
6 |
|a Medecine
|x Histoire
|y 16e siecle.
|
| 650 |
|
6 |
|a Identite sexuelle.
|
| 650 |
|
6 |
|a Homosexualite masculine
|x Aspect social
|z Espagne
|x Histoire
|y 17e siecle.
|
| 650 |
|
6 |
|a Homosexualite masculine
|x Aspect social
|z Espagne
|x Histoire
|y 16e siecle.
|
| 650 |
|
6 |
|a Masculinite
|x Aspect social
|z Espagne
|x Histoire
|y 17e siecle.
|
| 650 |
|
6 |
|a Masculinite
|x Aspect social
|z Espagne
|x Histoire
|y 16e siecle.
|
| 650 |
|
6 |
|a Rôle selon le sexe
|z Espagne
|x Histoire
|y 17e siecle.
|
| 650 |
|
6 |
|a Rôle selon le sexe
|z Espagne
|x Histoire
|y 16e siecle.
|
| 650 |
2 |
2 |
|a Reproduction
|
| 650 |
2 |
2 |
|a Men
|x psychology
|
| 650 |
2 |
2 |
|a Homosexuality, Male
|x history
|
| 650 |
2 |
2 |
|a History, 17th Century
|
| 650 |
2 |
2 |
|a History, 16th Century
|
| 650 |
1 |
2 |
|a Gender Identity
|
| 650 |
|
0 |
|a Medicine
|x History
|y 17th century.
|
| 650 |
|
0 |
|a Gender identity.
|
| 650 |
|
0 |
|a Male homosexuality
|x Social aspects
|z Spain
|x History
|y 17th century.
|
| 650 |
|
0 |
|a Male homosexuality
|x Social aspects
|z Spain
|x History
|y 16th century.
|
| 650 |
|
0 |
|a Masculinity
|x Social aspects
|z Spain
|x History
|y 17th century.
|
| 650 |
|
0 |
|a Masculinity
|x Social aspects
|z Spain
|x History
|y 16th century.
|
| 650 |
|
0 |
|a Effeminacy
|x Social aspects
|z Spain
|x History
|y 17th century.
|
| 650 |
|
0 |
|a Effeminacy
|x Social aspects
|z Spain
|x History
|y 16th century.
|
| 650 |
|
0 |
|a Male pregnancy
|x Social aspects
|z Spain
|x History
|y 17th century.
|
| 650 |
|
0 |
|a Male pregnancy
|x Social aspects
|z Spain
|x History
|y 16th century.
|
| 650 |
|
0 |
|a Sex role
|z Spain
|x History
|y 17th century.
|
| 650 |
|
0 |
|a Sex role
|z Spain
|x History
|y 16th century.
|
| 651 |
|
7 |
|a Spanisch.
|2 swd
|
| 651 |
|
7 |
|a Spanien
|2 gnd
|
| 651 |
|
7 |
|a Spain.
|2 fast
|0 (OCoLC)fst01204303
|
| 651 |
|
2 |
|a Spain
|
| 630 |
0 |
7 |
|a Parto de Juan Rana (Lanini y Sagredo, Pedro Francisco de)
|2 fast
|0 (OCoLC)fst01402707
|
| 655 |
|
7 |
|a History.
|2 fast
|0 (OCoLC)fst01411628
|
| 655 |
|
7 |
|a Electronic books.
|2 local
|
| 710 |
2 |
|
|a Project Muse.
|e distributor
|
| 830 |
|
0 |
|a Book collections on Project MUSE.
|
| 856 |
4 |
0 |
|z Texto completo
|u https://projectmuse.uam.elogim.com/book/2860/
|
| 945 |
|
|
|a Project MUSE - Custom Collection
|